Historia eclesiástica

Uloženo v:
Podrobná bibliografie
Hlavní autor: Eusebio de Cesarea (Autor)
Médium: Kniha
Jazyk:španělština
Vydáno: Madrid Biblioteca de Autores Cristianos 2010
Vydání:1a. ed
Edice:BAC Selecciones, 6
Témata:
Tagy: Přidat tag
Žádné tagy, Buďte první, kdo vytvoří štítek k tomuto záznamu!

MARC

LEADER 00000cam a2200000 a 4500
001 UCD7868
003 CL-VaPUC
008 170414e20100000sp |||||||||||||||||spa|d
020 |a 9788422014805 
082 0 4 |a 270  |b CES  |2 21 
100 |a Eusebio de Cesarea  |e author  |9 547511 
245 1 0 |a Historia eclesiástica 
250 |a 1a. ed 
300 |a 479 p 
942 |c BK 
945 |d 20170414 22:34:00  |a dcastane 
260 |a Madrid  |b Biblioteca de Autores Cristianos  |c 2010 
650 0 |a Historia de la iglesia   |9 257565 
650 7 |a DOCTRINAS RELIGIOSAS  |2 CL-VaPUC  |9 337177 
583 |a last modification  |c 20170414 22:34:00  |k Rodrigo Vera 
490 0 |a BAC Selecciones, 6 
999 |c 367734  |d 367732 
952 |0 0  |1 0  |3 erb  |4 0  |6 270_000000000000000_CES_2010  |7 0  |8 A  |9 482806  |a BIBTEO  |b BIBTEO  |i 5372771  |l 3  |m 2  |o 270 CES 2010  |p 5372771  |q 2025-05-02  |r 2025-04-01  |s 2025-04-01  |w 2019-11-24  |y BK  |z Catalogado en:20170414  |k ICR